000 01591nam a22002537a 4500
999 _c22897
_d22897
005 20251125232921.0
008 s2522 th tha d
040 _aNALT
041 _atha
090 _aอ AD290.1 ร362ร 2522
110 0 _aสำนักงานเลขาธิการรัฐสภา
245 1 0 _aภาพและประวัติสมาชิกวุฒิสภา : รัฐสภาสาร ฉบับพิเศษ ปีที่ 27 ฉบับที่ 6 พฤษภาคม 2522
260 3 _aกรุงเทพฯ :
_bสำนักงานเลขาธิการรัฐสภา,
_c2522
300 _a146 หน้า :
_b ภาพประกอบ, ตาราง ;
_c 24 ซม.
610 _aสำนักงานเลขาธิการรัฐสภา. ศูนย์บริการเอกสารและค้นคว้า
650 0 4 _aสมาชิกรัฐสภา -- ทำเนียบนาม
650 0 4 _aสมาชิกวุฒิสภา -- ทำเนียบนาม
650 0 4 _aสมาชิกสภาผู้แทนราษฎร -- ทำเนียบนาม
650 0 4 _aสมาชิกสภาผู้แทนราษฎร -- ทำเนียบนามสมาชิกวุฒิสภา -- ทำเนียบนามสมาชิกรัฐสภา -- ทำเนียบนาม
850 _aNALT
856 4 0 _uhttps://hdl.handle.net/20.500.14156/297041
942 _cREF
_2lcc